Vista normal
Vista MARC
Entrada Personal Name
Número de registros utilizados en: 1
001 - CONTROL NUMBER
- control field: 9648
003 - CONTROL NUMBER IDENTIFIER
- control field: OSt
005 - DATE AND TIME OF LATEST TRANSACTION
- control field: 20200902151353.0
008 - FIXED-LENGTH DATA ELEMENTS
- fixed length control field: 200902|| aca||aabn | a|a d
040 ## - CATALOGING SOURCE
- Original cataloging agency: OSt
- Transcribing agency: OSt
100 ## - HEADING--PERSONAL NAME
- Personal name: Santos Calderón, Juan Manuel,
- Dates associated with a name: 1951-
- General subdivision: proclamas y discursos
670 ## - SOURCE DATA FOUND
- Source citation: Work cat.: (OSt)3878: Colombia. Presidente (2010-2018 : Santos) 9507, Palabras de unidad V : , 2016